Juan manuel de rosas /
Guardado en:
| Autor Principal: | |
|---|---|
| Formato: | Libro |
| Publicado: |
Buenos Aires :
Théoria
|
| Series: | Colección Tierra en Armas
|
| Materias: | |
| Etiquetas: |
Agregar Etiqueta
Sin Etiquetas, Sea el primero en etiquetar este registro!
|
| LEADER | 00526nam a22001815a 4500 | ||
|---|---|---|---|
| 001 | CEM.cems012731 | ||
| 005 | 20071009154820.0 | ||
| 008 | 130507b######################000#0#####d | ||
| 003 | CEMS | ||
| 082 | 0 | 4 | |a 923 |
| 100 | 1 | |a Busaniche, José Luis | |
| 245 | 1 | 0 | |a Juan manuel de rosas / |c José Luis Busaniche |
| 260 | |a Buenos Aires : |b Théoria | ||
| 300 | |a 130 p. | ||
| 490 | 0 | |a Colección Tierra en Armas | |
| 653 | |a Biografías | ||
| 653 | |a Rosas, juan manuel-biografía | ||
| 859 | |a CEMS |b BIB. CEMS - 11 de abril |h 923 |i R113b |p 24055.07 |t Ej.1 | ||
